000 00821nam a2200193Ii 4500
003 JO-AjNU
008 230605s9999||||xx |||||||||||||| ||und||
040 _aJO-AjNU
_bara
_erda
_cJO-AjNU
041 _aara
050 1 4 _aHV43 .I6 1981
100 3 _aبشير، اقبال محمد / م.مشارك: سامية محمد فهمي، اقبال ابراهيم مخلوف,
_eauthor
_939711
245 0 0 _aالخدمة الاجتماعية في المجال الطبي التأهلي
264 3 1 _aالاسكندرية: المكتب الجامعي الحديث، 1981
300 _a278ص
_bيحتوي على ببلوغرافية من 277-278ص
336 _atext
_btxt
_2rdacontent
337 _aunmediated
_bn
_2rdamedia
338 _avolume
_bnc
_2rdacarrier
650 4 _aالخدمة الاجتماعية الطبية
_939712
999 _aA16794
_c20362
_d20362